Gossypol in rubber seed meal (Record no. 47533)

MARC details
000 -LEADER
fixed length control field 00290nam a2200121Ia 4500
100 ## - MAIN ENTRY--AUTHOR NAME
Personal name Abdullah A S
245 #0 - TITLE STATEMENT
Title Gossypol in rubber seed meal
650 ## - SUBJECT ADDED ENTRY--TOPICAL TERM
Topical Term Gossypol
650 ## - SUBJECT ADDED ENTRY--TOPICAL TERM
Topical Term Rubber seed meal
700 ## - ADDED ENTRY--PERSONAL NAME
Personal name Hutagalung R I
942 ## - ADDED ENTRY ELEMENTS (KOHA)
Koha item type Bibliography RLSE
Holdings
Withdrawn status Lost status Damaged status Not for loan Home library Current library Date acquired Koha item type
      Bibliography RRII Library RRII Library 31/12/2021 Bibliography RLSE